[Event "1. ODEM U25 2004"]
[Site "Willingen GER"]
[Date "2004.06.01"]
[Round "5"]
[White "Fuhrmann, Marc Andre"]
[Black "Nazarenus, Moritz"]
[Result "0-1"]
[Termination "normal"]
[Board "1"]
[WhiteElo "2059"]
[BlackElo "2143"]
[PlyCount "66"]
[WhiteFideId "4696980"]
[BlackFideId "4670540"]
[EventCountry "GER"]
[EventRounds "9"]
[EventType "swiss"]
[EventDate "2004.05.29"]

1. d4 d5 2. c4 c6 3. Nf3 Nf6 4. Nc3 e6 5. e3 Nbd7 6. b3 Bd6 7. Qc2 O-O 8. Be2
b6 9. O-O Bb7 10. Rd1 Qe7 11. Bb2 Rac8 12. Rac1 Bb8 13. e4 dxe4 14. Nxe4 Nxe4
15. Qxe4 Nf6 16. Qh4 c5 17. Ne5 Rfd8 18. Bd3 cxd4 19. Bxh7+ Kf8 20. Ng4 Nxh7
21. Qxh7 Qg5 22. Ba3+ Bd6 23. Bxd6+ Rxd6 24. f3 f5 25. h4 Qf4 26. Nf6 Qe3+ 27.
Kh1 Kf7 28. Nh5 Qh6 29. Qxh6 gxh6 30. Re1 d3 31. Rcd1 Rd4 32. f4 Rg8 33. Rd2
Rg4 0-1

[Event "1. ODEM U25 2004"]
[Site "Willingen GER"]
[Date "2004.06.01"]
[Round "5"]
[White "Lantzsch, Christian"]
[Black "Swalve, Tilko"]
[Result "1-0"]
[Termination "normal"]
[Board "2"]
[WhiteElo "2095"]
[BlackElo "1282"]
[PlyCount "69"]
[WhiteFideId "4659821"]
[EventCountry "GER"]
[EventRounds "9"]
[EventType "swiss"]
[EventDate "2004.05.29"]

1. Nc3 Nf6 2. g4 Nxg4 3. e4 d6 4. Be2 Nf6 5. d4 e6 6. Bg5 h6 7. Bh4 g5 8. Bg3
Nc6 9. h4 Bg7 10. hxg5 hxg5 11. Rxh8+ Bxh8 12. Bb5 Bd7 13. e5 dxe5 14. dxe5 Ng8
15. Qh5 Bxe5 16. Bxe5 Nxe5 17. Qh8 Ke7 18. Qxe5 f6 19. Qc5+ Kf7 20. O-O-O c6
21. Be2 Ne7 22. Qd6 Nd5 23. Nxd5 cxd5 24. Nf3 Rc8 25. c3 Rc6 26. Qh2 Qa5 27.
Nd4 Rb6 28. Qh7+ Ke8 29. a3 e5 30. Nf5 Bxf5 31. Qxf5 Rc6 32. Qg6+ Ke7 33. Qg7+
Kd8 34. Rh1 Rxc3+ 35. Kb1 1-0

[Event "1. ODEM U25 2004"]
[Site "Willingen GER"]
[Date "2004.06.01"]
[Round "5"]
[White "Hirneise, Tobias"]
[Black "Kiener, Georg"]
[Result "1-0"]
[Termination "normal"]
[Board "3"]
[WhiteElo "1960"]
[BlackElo "2008"]
[PlyCount "115"]
[WhiteFideId "24600881"]
[EventCountry "GER"]
[EventRounds "9"]
[EventType "swiss"]
[EventDate "2004.05.29"]

1. e4 c5 2. Nf3 e6 3. d4 cxd4 4. Nxd4 a6 5. Bd3 d6 6. O-O Nd7 7. c4 Qc7 8. Nc3
b6 9. Be3 Ngf6 10. f3 Be7 11. Qd2 Bb7 12. Rfc1 Rc8 13. a4 Nc5 14. Bc2 O-O 15.
g4 Rfd8 16. g5 Nh5 17. Bd1 Bf8 18. a5 bxa5 19. Nb3 Nxb3 20. Bxb3 Ba8 21. Ne2
Rb8 22. Bd1 Rb4 23. b3 Rdb8 24. Bd4 Rc8 25. Bc3 Rbb8 26. Bxa5 Qc5+ 27. Kf1 Be7
28. h4 f5 29. gxf6 Bxf6 30. Bc3 Bxh4 31. Qd4 Bb7 32. Ra5 Qxd4 33. Nxd4 Nf4 34.
Bd2 Bd8 35. Ra2 e5 36. Bxf4 exf4 37. Nf5 Rc6 38. Rd2 Bf6 39. Rxd6 Rd8 40. Rxd8+
Bxd8 41. c5 Bf6 42. e5 Bd8 43. Nd4 Rc8 44. Be2 Bd5 45. Bxa6 Ra8 46. Bc4 Bxc4+
47. Rxc4 Bc7 48. Nc6 Ra6 49. Ne7+ Kf7 50. Nd5 Bxe5 51. b4 Ke6 52. Nxf4+ Kd7 53.
Nd3 Bf6 54. b5 Ra5 55. c6+ Kc7 56. b6+ Kc8 57. b7+ Kc7 58. Rb4 1-0

[Event "1. ODEM U25 2004"]
[Site "Willingen GER"]
[Date "2004.06.01"]
[Round "5"]
[White "Dahmen, Christoph"]
[Black "Siebarth, Marco"]
[Result "1/2-1/2"]
[Termination "normal"]
[Board "5"]
[WhiteElo "2023"]
[BlackElo "2027"]
[PlyCount "45"]
[WhiteFideId "4692160"]
[BlackFideId "24604330"]
[EventCountry "GER"]
[EventRounds "9"]
[EventType "swiss"]
[EventDate "2004.05.29"]

1. d4 Nf6 2. c4 e5 3. dxe5 Ng4 4. e3 Nxe5 5. Nh3 Bb4+ 6. Bd2 Bxd2+ 7. Qxd2 Ng6
8. Nc3 d6 9. g3 Nc6 10. Nf4 Bg4 11. Be2 Bxe2 12. Qxe2 Nxf4 13. gxf4 Qd7 14.
O-O-O O-O-O 15. Rhg1 g6 16. c5 Qe6 17. cxd6 Rxd6 18. Rxd6 Qxd6 19. h4 Re8 20.
Rd1 Qe7 21. h5 Rd8 22. hxg6 hxg6 23. Qg4+ 1/2-1/2

[Event "1. ODEM U25 2004"]
[Site "Willingen GER"]
[Date "2004.06.01"]
[Round "5"]
[White "Zayadeh, Raphael"]
[Black "Kuhn, Ulf"]
[Result "0-1"]
[Termination "normal"]
[Board "6"]
[WhiteElo "1906"]
[BlackElo "2013"]
[PlyCount "100"]
[BlackFideId "4693604"]
[EventCountry "GER"]
[EventRounds "9"]
[EventType "swiss"]
[EventDate "2004.05.29"]

1. d4 f5 2. Nf3 Nf6 3. Bg5 Ne4 4. Bf4 d5 5. Nbd2 e6 6. e3 Be7 7. Be5 O-O 8. h4
Nd7 9. h5 Nxe5 10. Nxe5 c5 11. c3 cxd4 12. exd4 Bd7 13. Nxe4 fxe4 14. g3 Bd6
15. Nxd7 Qxd7 16. Bh3 Qf7 17. O-O Rae8 18. Qg4 Bc7 19. Rad1 $11 19... Bb6 20.
Kh2 e5 21. h6 g6 22. dxe5 Rxe5 23. Qf4 Qxf4 24. gxf4 Rxf4 25. Rxd5 Re7 26. Kg2
Kf8 27. Rd7 Rxd7 28. Bxd7 e3 29. fxe3 Rxf1 30. Kxf1 Bxe3 31. c4 Bxh6 32. c5 Be3
33. c6 bxc6 34. Bxc6 Bc5 35. Ke2 Kf7 36. a3 Kf6 37. b4 Bd6 38. Kf3 h5 39. Be8
$11 39... Kg7 40. Ke4 Kh6 41. Kd5 Bh2 42. a4 h4 43. a5 g5 44. b5 g4 45. Bd7 Kg5
46. Ke4 Bc7 47. b6 axb6 48. axb6 Bxb6 49. Bc6 h3 50. Bd5 g3 0-1

[Event "1. ODEM U25 2004"]
[Site "Willingen GER"]
[Date "2004.06.01"]
[Round "5"]
[White "Kühner, Christian"]
[Black "Schafranietz, Sebastian"]
[Result "0-1"]
[Termination "normal"]
[Board "7"]
[WhiteElo "2169"]
[BlackElo "2236"]
[PlyCount "52"]
[WhiteFideId "4679440"]
[BlackFideId "4632516"]
[EventCountry "GER"]
[EventRounds "9"]
[EventType "swiss"]
[EventDate "2004.05.29"]

1. c4 Nf6 2. Nc3 e6 3. e4 d5 4. e5 d4 5. exf6 dxc3 6. bxc3 Qxf6 7. Nf3 c5 8. d4
cxd4 9. Bg5 Qf5 10. Qxd4 Nc6 11. Qd2 Be7 12. Bd3 Bxg5 13. Nxg5 Qe5+ 14. Be4 h6
15. f4 Qc5 16. Rd1 O-O 17. h4 b6 18. Bb1 Ba6 19. Qd3 Rfd8 20. Qh7+ Kf8 21.
Nxe6+ fxe6 22. Ke2 Qh5+ 23. Kf2 Rxd1 24. Rxd1 Qxd1 25. Bg6 Qd2+ 26. Kg1 Qc1+
0-1

[Event "1. ODEM U25 2004"]
[Site "Willingen GER"]
[Date "2004.06.01"]
[Round "5"]
[White "Völschow, Toni"]
[Black "Seiler, Dirk"]
[Result "0-1"]
[Termination "normal"]
[Board "9"]
[WhiteElo "1571"]
[BlackElo "1911"]
[PlyCount "64"]
[WhiteFideId "24622591"]
[BlackFideId "24603155"]
[EventCountry "GER"]
[EventRounds "9"]
[EventType "swiss"]
[EventDate "2004.05.29"]

1. e4 e6 2. d3 d5 3. Nd2 Nf6 4. Ngf3 c5 5. g3 Nc6 6. Bg2 Be7 7. O-O O-O 8. Re1
Qc7 9. Nf1 dxe4 10. dxe4 Rd8 11. Qe2 e5 12. c3 h6 13. N1d2 Be6 14. Nb3 c4 15.
Nbd2 b5 16. Nh4 Rd3 17. Nf5 Bc5 18. Nb1 Rad8 19. Be3 Bxe3 20. Nxe3 Qd7 21. Kh1
a5 22. f4 exf4 23. gxf4 Bg4 24. Bf3 Bxf3+ 25. Qxf3 Qa7 26. Qe2 Nxe4 27. Nxc4
bxc4 28. Qxe4 Qf2 29. Qe2 Qxf4 30. Rf1 Qd6 31. Na3 Ne5 32. Nb5 Qd5+ 0-1

[Event "1. ODEM U25 2004"]
[Site "Willingen GER"]
[Date "2004.06.01"]
[Round "5"]
[White "Lipok, Christoph"]
[Black "Heigermoser, Robert"]
[Result "1-0"]
[Termination "normal"]
[Board "10"]
[WhiteElo "1824"]
[BlackElo "1770"]
[PlyCount "81"]
[WhiteFideId "24620220"]
[BlackFideId "24619132"]
[EventCountry "GER"]
[EventRounds "9"]
[EventType "swiss"]
[EventDate "2004.05.29"]

1. d4 Nf6 2. c4 e6 3. Nc3 Bb4 4. Bg5 h6 5. Bh4 d5 6. cxd5 exd5 7. e3 c6 8. Bd3
O-O 9. Qc2 Nbd7 10. Nf3 Re8 11. O-O Be7 12. Bg3 Nh5 13. Nxd5 Nxg3 14. Nxe7+
Qxe7 15. hxg3 Nf6 16. Rfe1 Bg4 17. Rac1 Rad8 18. Ne5 h5 19. Bc4 Be6 20. Qb3
Bxc4 21. Qxc4 Ne4 22. Qc2 Nf6 23. Qe2 g6 24. a3 Kg7 25. Qf3 Rh8 26. Rc5 Qe6 27.
Rec1 Ng4 28. b4 Rd6 29. b5 Nxe5 30. dxe5 Rd5 31. bxc6 bxc6 32. Rxc6 Qxe5 33.
Rc7 Rf8 34. Rxa7 Rd6 35. Qf4 Qd5 36. Qc4 Qxc4 37. Rxc4 Rd1+ 38. Kh2 Rb8 39. g4
h4 40. g5 Rd2 41. Rf4 1-0

[Event "1. ODEM U25 2004"]
[Site "Willingen GER"]
[Date "2004.06.01"]
[Round "5"]
[White "Billing, Christian"]
[Black "Zikeli, Julia"]
[Result "1-0"]
[Termination "normal"]
[Board "11"]
[WhiteElo "1915"]
[BlackElo "1534"]
[PlyCount "53"]
[WhiteFideId "4697294"]
[BlackFideId "24622753"]
[EventCountry "GER"]
[EventRounds "9"]
[EventType "swiss"]
[EventDate "2004.05.29"]

1. e4 e6 2. d3 d5 3. Nd2 c5 4. g3 Nc6 5. Bg2 Be7 6. Ngf3 d4 7. O-O e5 8. Nc4
Qc7 9. a4 Nf6 10. Nh4 Be6 11. Na3 a6 12. f4 exf4 13. Bxf4 Bd6 14. Nf5 Bxf5 15.
Bxd6 Qxd6 16. Rxf5 Ne5 17. h3 17... O-O-O $11 18. Qf1 Rhe8 19. b3 Re6 20. Nc4
Nxc4 21. bxc4 Re5 22. Rb1 a5 23. Rb5 Rxf5 24. Qxf5+ Qd7 25. Qxc5+ Qc6 26. Qa7
Qc7 27. Rc5 1-0

[Event "1. ODEM U25 2004"]
[Site "Willingen GER"]
[Date "2004.06.01"]
[Round "5"]
[White "Falke, Isaak"]
[Black "Poysti, Nathanael"]
[Result "1/2-1/2"]
[Termination "normal"]
[Board "12"]
[WhiteElo "1721"]
[BlackElo "1910"]
[PlyCount "192"]
[WhiteFideId "24614483"]
[EventCountry "GER"]
[EventRounds "9"]
[EventType "swiss"]
[EventDate "2004.05.29"]

1. d4 d5 2. Nf3 Nc6 3. Bf4 Bg4 4. e3 e6 5. Nbd2 Nf6 6. h3 Bxf3 7. Qxf3 Bd6 8.
c3 e5 9. dxe5 Nxe5 10. Bxe5 Bxe5 11. Nb3 O-O 12. Bd3 Qe7 13. O-O Ne4 14. Bxe4
dxe4 15. Qe2 f5 16. Rad1 Rf6 17. f4 exf3 18. Rxf3 Re8 19. Kh1 Bd6 20. Qd3 Qe5
21. Qd5+ Rfe6 22. Qxe5 Rxe5 23. Nd4 $11 23... g6 24. Rd3 a6 25. Kg1 Bf8 26. Kf2
Bh6 27. g3 Rd8 28. Ke2 Red5 29. Rd2 Re8 30. h4 c5 31. Nc2 Rxd2+ 32. Kxd2 Kf7
33. g4 $11 33... Re4 34. gxf5 Rxh4 35. fxg6+ Kxg6 36. b3 Re4 37. Kd3 Re6 38.
Ne1 Bg5 39. Ng2 h5 40. Rg3 Rf6 41. Nh4+ Kh6 42. Nf3 h4 43. Rxg5 Rxf3 44. Rg1
Kh5 45. Ke2 Rf6 46. e4 h3 47. Ke3 Rg6 48. Rh1 Kh4 49. e5 Rg3+ 50. Ke4 Rxc3 51.
e6 Rc2 52. Kf3 Rg2 53. e7 Rg8 54. Re1 h2 55. Kf2 Kg5 56. Kg2 Kf6+ 57. Kxh2 Re8
58. Kg3 Rxe7 59. Rc1 b6 60. Kf3 Ke5 61. Ke3 Kd5+ 62. Kd3 Rh7 63. Rg1 Rh3+ 64.
Kc2 Rh2+ 65. Kb1 Kd4 66. Rg6 Kc3 67. Rg3+ Kb4 68. Rg4+ Kb5 69. Rc4 Rd2 70. Rh4
Rd4 71. Rh6 Rg4 72. Kb2 Rg2+ 73. Ka3 Rc2 74. Rh4 Rd2 75. Rh6 Ka5 76. Rh5 Kb5
77. Rh6 Rf2 78. Rh4 Rc2 79. Rh5 Ka5 80. b4+ Kb5 81. Kb3 Rd2 82. a4+ Kc6 83.
bxc5 bxc5 84. Rh6+ Rd6 85. Rh4 Rd1 86. Kc4 Rc1+ 87. Kb3 Rb1+ 88. Kc3 Kb6 89.
Rh5 Rc1+ 90. Kb2 Rd1 91. Kc2 Re1 92. Kc3 Re3+ 93. Kc4 Re4+ 94. Kb3 Rb4+ 95. Ka3
a5 96. Rh6+ Ka7 1/2-1/2

[Event "1. ODEM U25 2004"]
[Site "Willingen GER"]
[Date "2004.06.01"]
[Round "5"]
[White "Trippe, Fabian"]
[Black "Dorn, Matthias"]
[Result "0-1"]
[Termination "normal"]
[Board "13"]
[WhiteElo "1637"]
[BlackElo "1762"]
[PlyCount "60"]
[BlackFideId "24600695"]
[EventCountry "GER"]
[EventRounds "9"]
[EventType "swiss"]
[EventDate "2004.05.29"]

1. d4 Nf6 2. e3 g6 3. Bd3 Bg7 4. f4 O-O 5. Nf3 d6 6. O-O Nbd7 7. Nbd2 Qe8 8. e4
e5 9. fxe5 dxe5 10. d5 Qe7 11. Nb3 h6 12. h3 Nh7 13. Nh2 Nc5 14. Be3 Nxd3 15.
cxd3 b6 16. Rc1 f5 17. Qc2 f4 18. Bf2 Ba6 19. Rfe1 Rac8 20. d4 Ng5 21. dxe5
Bxe5 22. Nf3 Nxf3+ 23. gxf3 Qf6 24. Rcd1 c6 25. d6 Bxd6 26. e5 Bxe5 27. Kh2
Rcd8 28. Rxe5 Rxd1 29. Qxd1 Qxe5 30. Bd4 Qe2+ 0-1

[Event "1. ODEM U25 2004"]
[Site "Willingen GER"]
[Date "2004.06.01"]
[Round "5"]
[White "Katte, Nicolas"]
[Black "Rashidian, Sagross"]
[Result "1/2-1/2"]
[Termination "normal"]
[Board "14"]
[WhiteElo "1729"]
[BlackElo "1626"]
[PlyCount "108"]
[WhiteFideId "24614149"]
[EventCountry "GER"]
[EventRounds "9"]
[EventType "swiss"]
[EventDate "2004.05.29"]

1. e4 c5 2. Nc3 d6 3. f4 e6 4. Nf3 Nc6 5. Bb5 Bd7 6. O-O g6 7. Bxc6 Bxc6 8. d3
Bg7 9. Qe1 Ne7 10. Qh4 Qc7 11. a4 d5 12. e5 Nf5 13. Qf2 b6 14. g4 Nh6 15. h3 a6
16. Qh4 Ng8 17. Bd2 Ne7 18. Ne2 d4 19. b4 h5 20. g5 Qb7 21. Qf2 O-O 22. a5 Bxf3
23. Qxf3 Qxf3 24. Rxf3 bxa5 25. Rxa5 Rfc8 26. bxc5 Nf5 27. c3 dxc3 28. Bxc3 Ne7
29. d4 Nc6 30. Ra2 a5 31. Bd2 Bf8 32. Rf1 Be7 33. Rfa1 Bd8 34. Bc3 Rcb8 35. Ra3
Rb7 36. Ng3 Rd7 37. Ra4 Rb7 38. h4 Rb3 39. R4a3 Rb7 40. Ne4 Rba7 41. Nd6 Kf8
42. Nc4 Ra6 43. Rb1 R8a7 44. Nd6 Bc7 45. Ne4 Ra8 46. Ng3 R6a7 47. f5 Bd8 48.
fxe6 fxe6 49. Rf1+ Kg7 50. Ne4 Rb8 51. Nd6 Re7 52. Rf6 Rb1+ 53. Rf1 Rb8 54. Nc4
Ra7 1/2-1/2

[Event "1. ODEM U25 2004"]
[Site "Willingen GER"]
[Date "2004.06.01"]
[Round "5"]
[White "Reinke, Martin"]
[Black "Alic, Miran"]
[Result "0-1"]
[Termination "normal"]
[Board "15"]
[WhiteElo "1498"]
[BlackElo "2052"]
[PlyCount "68"]
[WhiteFideId "4620518"]
[BlackFideId "24605425"]
[EventCountry "GER"]
[EventRounds "9"]
[EventType "swiss"]
[EventDate "2004.05.29"]

1. d4 c5 2. dxc5 e6 3. e4 Bxc5 4. Nf3 Nf6 5. Bd3 Nc6 6. Bg5 Qb6 7. O-O Ng4 8.
Bh4 Qxb2 9. Nbd2 Nge5 10. Nb3 Bb6 11. Kh1 Ng6 12. Bg3 O-O 13. Bd6 Re8 14. Nbd2
Qf6 15. Nc4 e5 16. Nxb6 axb6 17. Bc7 Nb4 18. Qb1 Nxd3 19. cxd3 Re6 20. Qb2 d6
21. Bxb6 d5 22. Be3 Qd8 23. exd5 Qxd5 24. Qb3 Rd6 25. Qxd5 Rxd5 26. d4 e4 27.
Nd2 f5 28. f4 Rda5 29. Rfc1 Be6 30. Rc2 Ra3 31. Re1 Ne7 32. Nb3 Bxb3 33. axb3
Rxb3 34. Rc5 Rxe3 0-1

[Event "1. ODEM U25 2004"]
[Site "Willingen GER"]
[Date "2004.06.01"]
[Round "5"]
[White "Jehle, Daniel"]
[Black "Morgenstern, Petra"]
[Result "0-1"]
[Termination "normal"]
[Board "16"]
[WhiteElo "1526"]
[BlackElo "2062"]
[PlyCount "80"]
[BlackFideId "4690710"]
[EventCountry "GER"]
[EventRounds "9"]
[EventType "swiss"]
[EventDate "2004.05.29"]

1. d4 d5 2. c4 dxc4 3. Nc3 e5 4. d5 c6 5. e4 Nf6 6. Bxc4 Qa5 7. Bd2 Qc7 8. Nge2
Bg4 9. f3 Bd7 10. O-O Bc5+ 11. Kh1 O-O 12. Bg5 Ne8 13. Qe1 h6 14. Bd2 Nd6 15.
Qg3 Nxc4 16. Bxh6 g6 17. Qg5 Re8 18. Qf6 Bf8 19. Bxf8 Rxf8 20. b3 Nb6 21. f4
exf4 22. Rxf4 Qd8 23. Qd4 Na6 24. Raf1 Qe7 25. g3 Rae8 26. Rh4 Qe5 27. Qxe5
Rxe5 28. dxc6 Bxc6 29. Nd4 Rc5 30. Rf3 Rc8 31. Rhf4 Be8 32. Nde2 Nd7 33. Nd5
Kg7 34. Nec3 Ne5 35. Re3 Nb4 36. Nxb4 Rxc3 37. Rxc3 Rxc3 38. Nd5 Rc1+ 39. Kg2
Rc2+ 40. Kh3 Bd7+ 0-1

[Event "1. ODEM U25 2004"]
[Site "Willingen GER"]
[Date "2004.06.01"]
[Round "5"]
[White "Rafiee, Makan"]
[Black "Demmler, Julia"]
[Result "0-1"]
[Termination "normal"]
[Board "17"]
[WhiteElo "2028"]
[BlackElo "1296"]
[PlyCount "67"]
[WhiteFideId "24609340"]
[EventCountry "GER"]
[EventRounds "9"]
[EventType "swiss"]
[EventDate "2004.05.29"]

1. e4 e5 2. f4 Bc5 3. Nf3 d6 4. Nc3 Nf6 5. Bc4 O-O 6. d3 Nc6 7. Na4 Bb6 8. Nxb6
axb6 9. O-O Re8 10. c3 Na7 11. Qb3 Be6 12. Bxe6 Rxe6 13. f5 Re8 14. Bg5 c6 15.
Bxf6 gxf6 16. Qd1 Kh8 17. Nh4 Rg8 18. Qh5 Qf8 19. Rf3 Rg5 20. Ng6+ fxg6 21. Qh4
Rh5 22. Qf2 gxf5 23. exf5 Nc8 24. c4 c5 25. b4 Ne7 26. b5 Qh6 27. h3 Rg8 28.
Kh2 Rhg5 29. Rg1 Qh5 30. h4 Rxf5 31. Rxf5 Qxf5 32. Qxf5 Nxf5 33. Rf1 Ne3 34.
Rxf6 0-1

[Event "1. ODEM U25 2004"]
[Site "Willingen GER"]
[Date "2004.06.01"]
[Round "5"]
[White "Strohmann, Marcel"]
[Black "Rackisch, Daniel"]
[Result "0-1"]
[Termination "normal"]
[Board "18"]
[WhiteElo "821"]
[BlackElo "1859"]
[PlyCount "60"]
[BlackFideId "24609323"]
[EventCountry "GER"]
[EventRounds "9"]
[EventType "swiss"]
[EventDate "2004.05.29"]

1. f4 Nf6 2. Nf3 g6 3. e3 Bg7 4. d3 d6 5. h3 a5 6. Be2 a4 7. O-O O-O 8. Nc3 a3
9. d4 axb2 10. Bxb2 c6 11. Rb1 Be6 12. a3 Nbd7 13. e4 b5 14. e5 Nd5 15. Nxd5
Bxd5 16. Ra1 Nb6 17. Nd2 Na4 18. Qc1 Qb6 19. Nb3 dxe5 20. fxe5 Bxe5 21. Qe3 Bf6
22. Rab1 Nxb2 23. Rxb2 Bxb3 24. Rxf6 exf6 25. Rxb3 Rfe8 26. Qd3 Qa5 27. c3 Qa4
28. c4 Rxe2 29. Qxe2 Qxb3 30. cxb5 Qxb5 0-1

[Event "1. ODEM U25 2004"]
[Site "Willingen GER"]
[Date "2004.06.01"]
[Round "5"]
[White "Jannes, Alexander"]
[Black "Völz, Michael"]
[Result "1-0"]
[Termination "normal"]
[Board "19"]
[WhiteElo "1567"]
[BlackElo "1387"]
[PlyCount "63"]
[WhiteFideId "4647955"]
[BlackFideId "24640107"]
[EventCountry "GER"]
[EventRounds "9"]
[EventType "swiss"]
[EventDate "2004.05.29"]

1. d4 d5 2. c4 e6 3. Nc3 Nf6 4. Bg5 Nbd7 5. e3 c6 6. Nf3 Be7 7. Rc1 O-O 8. Qc2
h6 9. h4 dxc4 10. Bxc4 Nd5 11. Bxe7 Qxe7 12. g4 Qf6 13. Ke2 Nxc3+ 14. bxc3 e5
15. g5 Qd6 16. g6 exd4 17. gxf7+ Kh8 18. Rcg1 dxe3 19. fxe3 Rd8 20. Qe4 Nf6 21.
Qg6 Qf8 22. Ng5 b6 23. Bd3 Rxd3 24. Qxd3 a5 25. c4 Ba6 26. Rf1 Rd8 27. Qc2
Bxc4+ 28. Qxc4 hxg5 29. hxg5+ Nh7 30. Qh4 Rd2+ 31. Kxd2 Qb4+ 32. Qxb4 1-0

[Event "1. ODEM U25 2004"]
[Site "Willingen GER"]
[Date "2004.06.01"]
[Round "5"]
[White "Jorczik, Andreas"]
[Black "Dietzen, Thomas"]
[Result "0-1"]
[Termination "normal"]
[Board "21"]
[WhiteElo "1357"]
[BlackElo "1187"]
[PlyCount "112"]
[WhiteFideId "24634921"]
[EventCountry "GER"]
[EventRounds "9"]
[EventType "swiss"]
[EventDate "2004.05.29"]

1. d4 e6 2. c4 f5 3. Nf3 Nf6 4. a3 Be7 5. Nc3 O-O 6. Bf4 c6 7. d5 d6 8. Bg5 e5
9. Bxf6 Bxf6 10. e4 c5 11. Bd3 f4 12. h3 Bd7 13. b4 Na6 14. Qb3 Qe8 15. b5 Nc7
16. b6 Na6 17. bxa7 Rxa7 18. Qb6 Qb8 19. Rb1 Bd8 20. Qb3 Ba5 21. O-O Bxc3 22.
Qxc3 b6 23. Rb2 Rb7 24. Rfb1 Nc7 25. Bc2 b5 26. Nd2 Qa7 27. Bd1 Rfb8 28. Be2
Rb6 29. Kh2 R8b7 30. Qb3 b4 31. axb4 Rxb4 32. Qc3 Ne8 33. Rxb4 cxb4 34. Rxb4
Rxb4 35. Qxb4 Qxf2 36. Bf3 Bxh3 37. Qa4 Nf6 38. Nf1 Qxf1 39. gxh3 Qxf3 40. Kg1
Qe3+ 41. Kf1 f3 42. Qc2 Qe2+ 43. Qxe2 fxe2+ 44. Kxe2 Nxe4 45. Ke3 Ng5 46. h4
Nf7 47. Ke4 g5 48. hxg5 Nxg5+ 49. Kf5 Nf7 50. Ke4 Kg7 51. Kf5 h5 52. Ke4 h4 53.
Kf3 e4+ 54. Kxe4 h3 55. Kf3 Ng5+ 56. Kg3 Kf6 0-1

[Event "1. ODEM U25 2004"]
[Site "Willingen GER"]
[Date "2004.06.01"]
[Round "5"]
[White "Schäfer, Simon"]
[Black "Häcker, Katrin"]
[Result "0-1"]
[Termination "normal"]
[Board "22"]
[WhiteElo "1255"]
[BlackElo "1140"]
[PlyCount "128"]
[BlackFideId "24667986"]
[EventCountry "GER"]
[EventRounds "9"]
[EventType "swiss"]
[EventDate "2004.05.29"]

1. d4 d5 2. c4 e6 3. Nc3 Nf6 4. Bg5 Nbd7 5. Nf3 c6 6. e3 Qa5 7. Qd2 Bb4 8. Rc1
Ne4 9. Qc2 O-O 10. a3 Bxc3+ 11. bxc3 Qxa3 12. cxd5 exd5 13. Bd3 Re8 14. O-O Qd6
15. Bf4 Qe7 16. Nd2 Ndf6 17. Be5 Bf5 18. Rfe1 c5 19. Bxf6 Qxf6 20. dxc5 Bg6 21.
Nxe4 Bxe4 22. c4 Bxd3 23. Qxd3 dxc4 24. Qxc4 Rac8 25. Rc2 b6 26. Qb5 Re5 27.
Rec1 Rexc5 28. Rxc5 bxc5 29. Qb7 Qd8 30. Qxa7 Qd2 31. Qa3 c4 32. Qc3 Qxc3 33.
Rxc3 Kf8 34. Kf1 Ke7 35. Ke2 Kd6 36. e4 Kc5 37. Kd2 Kd4 38. f3 Ra8 39. Rc2 Ra3
40. e5 Rd3+ 41. Kc1 c3 42. Re2 Re3 43. Rxe3 Kxe3 44. Kc2 Kf2 45. Kxc3 Kxg2 46.
f4 g6 47. Kd3 Kf3 48. f5 gxf5 49. h4 f4 50. h5 Kg2 51. h6 f3 52. e6 fxe6 53.
Ke4 f2 54. Ke5 f1=Q 55. Kxe6 Qf4 56. Kd5 Qe3 57. Kd6 Qe4 58. Kc5 Qd3 59. Kc6
Qd4 60. Kb5 Qc3 61. Kb6 Qc4 62. Kb7 Qc5 63. Ka8 Qb5 64. Ka7 Kf3 0-1

[Event "1. ODEM U25 2004"]
[Site "Willingen GER"]
[Date "2004.06.01"]
[Round "5"]
[White "Frey, Steffen"]
[Black "Wild, Markus"]
[Result "1/2-1/2"]
[Termination "normal"]
[Board "23"]
[WhiteElo "971"]
[BlackElo "1559"]
[PlyCount "120"]
[EventCountry "GER"]
[EventRounds "9"]
[EventType "swiss"]
[EventDate "2004.05.29"]

1. e4 c5 2. Nf3 d6 3. d4 cxd4 4. Nxd4 Nf6 5. Nc3 g6 6. Be3 Bg7 7. Qd2 O-O 8.
O-O-O Nc6 9. f3 Bd7 10. h4 h5 11. Be2 Rc8 12. Rdg1 Ne5 13. Kb1 Nc4 14. Qc1 Nxe3
15. Qxe3 Qb6 16. g4 Nxg4 17. fxg4 Bxd4 18. Qc1 Bxg1 19. Rxg1 hxg4 20. Nd5 Qd8
21. Qh6 e6 22. Bxg4 exd5 23. Bxd7 Qf6 24. Bxc8 Rxc8 25. h5 Qg7 26. Qg5 dxe4 27.
hxg6 fxg6 28. Qxg6 Qxg6 29. Rxg6+ Kf7 30. Rxd6 Rc7 31. Kc1 Re7 32. Kd2 Ke8 33.
Ke3 Re5 34. Rd4 Rb5 35. Rxe4+ Kd7 36. Rd4+ Kc6 37. b3 a6 38. Rc4+ 38... Kb6 $11
39. Kd4 Rh5 40. a3 Rh4+ 41. Kd5 Rh5+ 42. Kd4 Rh4+ 43. Kc3 Rh3+ 44. Kb2 a5 45.
Rc3 Rh4 46. Rf3 Ka6 47. Rf5 Rg4 48. a4 Rh4 49. c3 Rg4 50. Rb5 b6 51. b4 axb4
52. Rxb4 Rg5 53. Ka3 Rg3 54. Rb2 Rxc3+ 55. Kb4 Rh3 56. Rc2 Rh4+ 57. Rc4 Rxc4+
58. Kxc4 Ka5 59. Kb3 b5 60. axb5 Kxb5 1/2-1/2

[Event "1. ODEM U25 2004"]
[Site "Willingen GER"]
[Date "2004.06.01"]
[Round "5"]
[White "Lebeda, Lukas"]
[Black "Gahn, Juliane"]
[Result "0-1"]
[Termination "normal"]
[Board "24"]
[WhiteElo "1135"]
[BlackElo "1433"]
[PlyCount "84"]
[EventCountry "GER"]
[EventRounds "9"]
[EventType "swiss"]
[EventDate "2004.05.29"]

1. d4 Nf6 2. c4 c5 3. Nf3 d6 4. g3 Bd7 5. Bg2 g6 6. b3 Bg7 7. Bb2 cxd4 8. Nxd4
Nc6 9. Nf3 O-O 10. O-O Qc7 11. Nc3 Ne4 12. Qd3 Bf5 13. Nh4 Nb4 14. Qe3 Nc2 15.
Qd2 Nxd2 16. Nb5 Qd7 17. Bxg7 Kxg7 18. Nxf5+ Qxf5 19. Bxb7 $11 19... Rab8 20.
Bg2 Nxf1 21. Rxf1 a6 22. Nc3 e6 23. Rc1 Nd4 24. Be4 Nxe2+ 25. Kf1 Qe5 26. Kxe2
d5 27. f4 Qh5+ 28. Bf3 Qxh2+ 29. Ke3 d4+ 30. Kxd4 Qd2+ 31. Ke5 f6+ 32. Ke4 Qxc1
33. Ne2 Qc2+ 34. Ke3 Qxa2 35. Kf2 $11 35... Rxb3 36. c5 Qa3 37. Nd4 $11 37...
Qxc5 38. Kg2 Qxd4 39. Kh2 Qf2+ 40. Kh3 Qxf3 41. Kh2 Rb2+ 42. Kg1 Qg2# 0-1